Neoliberalismo y globalización en la agricultura del sur de Chile, 1973-2019
Salvato in:
| Autore principale: | |
|---|---|
| Natura: | Libro |
| Lingua: | inglese |
| Pubblicazione: |
Valparaíso, Chile
Ediciones Universitarias de Valparaíso
2020
|
| Soggetti: | |
| Tags: |
Aggiungi Tag
Nessun Tag, puoi essere il primo ad aggiungerne!!
|
MARC
| LEADER | 00000nam a22000007a 4500 | ||
|---|---|---|---|
| 003 | CL-VaPUC | ||
| 005 | 20210709001805.0 | ||
| 008 | 201221b ||||| |||| 00| 0 eng d | ||
| 999 | |c 432382 |d 432380 | ||
| 020 | |a 978-956-17-0858-7 | ||
| 040 | |c Pontificia Universidad Católica de Valparaíso | ||
| 082 | 0 | 4 | |a 630.983 ALM 2020 |
| 100 | 1 | |a Almonacid Zapata, Fabián |e author |9 859032 | |
| 245 | 1 | 0 | |a Neoliberalismo y globalización en la agricultura del sur de Chile, 1973-2019 |
| 260 | |a Valparaíso, Chile |b Ediciones Universitarias de Valparaíso |c 2020 | ||
| 300 | |a 280 páginas | ||
| 583 | |c 20201221 |k Valeria Valenzuela | ||
| 650 | 1 | 0 | |a Neoliberalismo |9 330090 |
| 650 | 1 | 0 | |a Globalización |9 361930 |
| 650 | 1 | 0 | |a Agricultura |9 255598 |
| 650 | 1 | |a Historia de la agricultura |9 548152 |z Chile |z Zona Sur | |
| 852 | |a BIBCUR | ||
| 942 | |2 ddc |c BK | ||
| 952 | |0 0 |1 0 |2 ddc |4 0 |6 630_983000000000000_ALM_2020 |7 0 |8 A |9 577269 |a BIBAGR |b BIBAGR |d 2020-12-28 |i 5619963 |o 630.983 ALM 2020 |p 5619963 |r 2025-01-20 |t 1 |w 2020-12-28 |y BK |k AGR | ||
| 952 | |0 0 |1 0 |2 ddc |4 0 |6 630_983000000000000_ALM_2020 |7 0 |8 A |9 577270 |a BIBHIS |b BIBHIS |d 2020-12-28 |i 5619971 |o 630.983 ALM 2020 |p 5619971 |r 2025-01-20 |t 2 |w 2020-12-28 |y BK |k HIS | ||